Sangakaala Valviyal (Record no. 52004)
[ view plain ]
| 000 -LEADER | |
|---|---|
| fixed length control field | 00388nam a2200169Ia 4500 |
| 100 ## - MAIN ENTRY--AUTHOR NAME | |
| Personal name | "Subramaniyan, N" |
| 245 #0 - TITLE STATEMENT | |
| Title | Sangakaala Valviyal |
| 250 ## - EDITION STATEMENT | |
| Edition statement | \\198600TAMGPCX |
| 260 ## - PUBLICATION, DISTRIBUTION, ETC. (IMPRINT) | |
| Place of publication | NCBH |
| 260 ## - PUBLICATION, DISTRIBUTION, ETC. (IMPRINT) | |
| Name of publisher | 1986 |
| 260 ## - PUBLICATION, DISTRIBUTION, ETC. (IMPRINT) | |
| Year of publication | Madras |
| 300 ## - PHYSICAL DESCRIPTION | |
| Number of Pages | xiv+481p |
| 500 ## - GENERAL NOTE | |
| General note | includes index and biblioraphy |
| 942 ## - ADDED ENTRY ELEMENTS (KOHA) | |
| Koha item type | Books |
| Withdrawn status | Lost status | Home library | Current library | Shelving location | Date acquired | Full call number | Accession Number | Koha item type |
|---|---|---|---|---|---|---|---|---|
| PSG-CAS LIBRARY | PSG-CAS LIBRARY | AW ROW 5 RACK 19B SHELF 1 | 25/04/2018 | T2 S6 | 61306 | Books |